[Event "Steyr Landesliga 1617"]
[Site "Austria"]
[Date "2017.04.01"]
[Round "9.8"]
[White "Hadl, Johann"]
[Black "Raeke, Philipp"]
[Result "1-0"]
[WhiteElo "1749"]
[BlackElo "1674"]
[PlyCount "101"]
[EventDate "2016.10.01"]
[EventType "team-tourn"]
[EventRounds "11"]
[EventCountry "AUT"]
[SourceTitle "EXT 2018"]
[Source "ChessBase"]
[SourceDate "2017.10.13"]
[SourceVersion "1"]
[SourceVersionDate "2017.10.13"]
[SourceQuality "1"]
[WhiteTeam "Fuerstenfeld/Hartberg"]
[BlackTeam "Trofaiach Niklasdorf"]
[WhiteTeamCountry "AUT"]
[BlackTeamCountry "AUT"]

1. e4 e5 2. Nf3 Nc6 3. Bb5 a6 4. Ba4 Nf6 5. 0-0 Nxe4 6. d4 b5 7. Bb3 d5 8. dxe5 Be6 9. c3 Bc5 10. Bf4 Bb6 11. Nbd2 Nc5 12. Bc2 0-0 13. Ng5 h6 14. Qh5 Qd7 15. Nxe6 fxe6 16. Be3 Ne7 17. Rad1 Nf5 18. Bxc5 Bxc5 19. Ne4 Qc6 20. Nxc5 Qxc5 21. Qg6 Qe7 22. Rd3 c5 23. Rh3 Qf7 24. Rxh6 Qxg6 25. Rxg6 Rfe8 26. Rd1 Rad8 27. Bxf5 exf5 28. f4 d4 29. cxd4 Rxd4 30. Rxd4 cxd4 31. Rxa6 Rc8 32. Rd6 Rc1+ 33. Kf2 Rc2+ 34. Kf3 Rxb2 35. Rxd4 Rxa2 36. Rb4 Ra3+ 37. Kf2 Ra2+ 38. Kg3 Ra3+ 39. Kf2 Ra2+ 40. Kg3 Ra3+ 41. Kh4 Ra4 42. Rxb5 Rxf4+ 43. Kg5 Rg4+ 44. Kxf5 Rxg2 45. h4 Rf2+ 46. Ke6 Rf4 47. Rb8+ Kh7 48. Kd7 Rxh4 49. e6 Rd4+ 50. Kc6 Rd1 51. e7 1-0

[Event "Steyr Landesliga 1516"]
[Site "Austria"]
[Date "2016.02.06"]
[Round "7.8"]
[White "Hadl, Johann"]
[Black "Pittino, Pascal"]
[Result "1-0"]
[WhiteElo "1811"]
[BlackElo "1775"]
[PlyCount "68"]
[EventDate "2015.09.26"]
[EventType "team-tourn"]
[EventRounds "11"]
[EventCountry "AUT"]
[SourceTitle "EXT 2017"]
[Source "ChessBase"]
[SourceDate "2016.10.25"]
[SourceVersion "1"]
[SourceVersionDate "2016.10.25"]
[SourceQuality "1"]
[WhiteTeam "Fuerstenfeld/Hartberg"]
[BlackTeam "Gamlitz"]
[WhiteTeamCountry "AUT"]
[BlackTeamCountry "AUT"]

1. e4 c5 2. Nc3 Nc6 3. f4 e6 4. Bb5 a6 5. Bxc6 bxc6 6. Nf3 d5 7. 0-0 Be7 8. d3 Nf6 9. Qe1 0-0 10. b3 Qc7 11. Qg3 Nh5 12. Qg4 Nf6 13. Qg3 Nh5 14. Qe1 Nf6 15. Ba3 Qxf4 16. e5 Ng4 17. Bc1 Qb4 18. Bd2 Qb6 19. Na4 Qa7 20. Qg3 f5 21. h3 Nf6 22. exf6 Rxf6 23. Rae1 Rg6 24. Qf2 Bd6 25. Ne5 Bxe5 26. Rxe5 c4 27. Nb6 Rb8 28. Be3 Qc7 29. Nxc8 Rxc8 30. Bf4 Qa5 31. Qe2 Re8 32. dxc4 Qxa2 33. cxd5 cxd5 34. Rxd5 Rc8 1-0

[Event "Graz Casino op-B"]
[Site "Graz"]
[Date "2014.02.14"]
[Round "1"]
[White "Hadl, Johann"]
[Black "Wenger, Klaus"]
[Result "1/2-1/2"]
[WhiteElo "1879"]
[BlackElo "1896"]
[PlyCount "67"]
[EventDate "2014.02.14"]
[EventType "swiss"]
[EventRounds "9"]
[EventCountry "AUT"]
[SourceTitle "CBM 158 Extra"]
[Source "ChessBase"]
[SourceDate "2014.02.28"]
[SourceVersion "1"]
[SourceVersionDate "2014.02.28"]
[SourceQuality "1"]

1. e4 e5 2. Nf3 Nc6 3. Bb5 a6 4. Ba4 Nf6 5. 0-0 Be7 6. Re1 b5 7. Bb3 0-0 8. h3 d5 9. exd5 Nxd5 10. Nxe5 Nxe5 11. Rxe5 c6 12. d3 Bf6 13. Re1 Bf5 14. Bxd5 cxd5 15. Nd2 Rc8 16. Nf3 Qd6 17. Re2 Rfe8 18. Rb1 Rxe2 19. Qxe2 Qc6 20. Ne1 Re8 21. Qd1 Be5 22. Bd2 Qg6 23. Qf3 Bd7 24. Kf1 Bc6 25. Qg4 Qd6 26. d4 Bf6 27. Nf3 Bd7 28. Qf4 Qc6 29. Re1 Rxe1+ 30. Nxe1 Qc4+ 31. Kg1 Bxd4 32. b3 Qc5 33. Qf3 Be6 34. Be3 1/2-1/2

[Event "Steyr Landesliga 1314"]
[Site "Austria"]
[Date "2013.09.28"]
[Round "1.7"]
[White "Kolm, Robert"]
[Black "Hadl, Johann"]
[Result "1/2-1/2"]
[WhiteElo "1954"]
[BlackElo "1893"]
[PlyCount "67"]
[EventDate "2013.09.28"]
[EventType "team-tourn"]
[EventRounds "11"]
[EventCountry "AUT"]
[SourceTitle "EXT 2015"]
[Source "ChessBase"]
[SourceDate "2014.11.20"]
[SourceVersion "1"]
[SourceVersionDate "2014.11.20"]
[SourceQuality "1"]
[WhiteTeam "Graz Schachamazonen"]
[BlackTeam "Fuerstenfeld"]
[WhiteTeamCountry "AUT"]
[BlackTeamCountry "AUT"]

1. e4 e5 2. Nf3 Nc6 3. Bb5 a6 4. Ba4 Nf6 5. 0-0 Be7 6. Re1 b5 7. Bb3 0-0 8. c3 d5 9. exd5 Nxd5 10. Nxe5 Nxe5 11. Rxe5 c6 12. d3 Bd6 13. Re1 Qh4 14. g3 Qh3 15. Re4 Bd7 16. Nd2 Rae8 17. a4 b4 18. Rxe8 Rxe8 19. Ne4 Be7 20. Be3 Bg4 21. Qf1 Qh5 22. Re1 Bf3 23. c4 Nc7 24. Nd2 Bg4 25. f3 Bh3 26. Qf2 Ne6 27. d4 Ng5 28. Bxg5 Qxg5 29. Ne4 Qg6 30. c5 Kf8 31. Qd2 a5 32. Qf4 Be6 33. Nd6 Rd8 34. Qe3 1/2-1/2

[Event "Karl Wagner Memorial-B 5th"]
[Site "Graz"]
[Date "1998.??.??"]
[Round "1"]
[White "Hadl, Johann"]
[Black "Wagner, Stefan"]
[Result "0-1"]
[WhiteElo "1965"]
[BlackElo "1755"]
[PlyCount "52"]
[EventDate "1998.09.??"]
[EventType "swiss"]
[EventRounds "6"]
[EventCountry "AUT"]
[SourceTitle "EXT 2003"]
[Source "ChessBase"]
[SourceDate "2002.11.25"]
[SourceVersion "1"]
[SourceVersionDate "2002.11.25"]
[SourceQuality "1"]

1. e4 c5 2. d4 cxd4 3. c3 dxc3 4. Nxc3 Nc6 5. Nf3 d6 6. Bc4 e6 7. 0-0 Nf6 8. Qe2 a6 9. Bg5 Be7 10. Rfd1 Qc7 11. Rac1 0-0 12. Bb3 Qb8 13. Rd2 Na5 14. Bc2 e5 15. Rcd1 Be6 16. Bxf6 Bxf6 17. Rxd6 Be7 18. R6d3 Bc4 19. Nd5 Bd8 20. Ne3 Bxd3 21. Rxd3 b5 22. Rd5 Nc6 23. Ng4 Bc7 24. Rc5 Qb6 25. Qe3 Nd4 26. Qc3 Ne2+ 0-1

[Event "Karl Wagner Memorial-B 5th"]
[Site "Graz"]
[Date "1998.??.??"]
[Round "4"]
[White "Rass, Ewald"]
[Black "Hadl, Johann"]
[Result "1-0"]
[WhiteElo "1865"]
[BlackElo "1965"]
[PlyCount "101"]
[EventDate "1998.09.??"]
[EventType "swiss"]
[EventRounds "6"]
[EventCountry "AUT"]
[SourceTitle "EXT 2003"]
[Source "ChessBase"]
[SourceDate "2002.11.25"]
[SourceVersion "1"]
[SourceVersionDate "2002.11.25"]
[SourceQuality "1"]

1. d4 Nf6 2. c4 c5 3. d5 e6 4. Nc3 exd5 5. cxd5 d6 6. e4 g6 7. Nf3 Bg7 8. Bd3 0-0 9. 0-0 a6 10. a4 Qc7 11. h3 Nbd7 12. Nd2 Ne5 13. Be2 g5 14. f4 gxf4 15. Rxf4 Ng6 16. Rf1 Rb8 17. a5 Re8 18. Bd3 Nd7 19. Nc4 Nde5 20. Nb6 Qe7 21. Bc2 Qh4 22. Nxc8 Rbxc8 23. Qe2 Re7 24. Rf5 Rec7 25. Bg5 Qg3 26. Ra3 Nh4 27. Nd1 Nxf5 28. Rxg3 Nxg3 29. Qf2 Nh5 30. Qh4 h6 31. Qxh5 hxg5 32. Qxg5 Kh7 33. Ne3 Bh6 34. Qh5 Rg8 35. Nf5 Rg6 36. g4 Rc8 37. Kh1 f6 38. Ne7 Rg5 39. Qh4 Re8 40. Nf5 Rg6 41. Nxd6 Re7 42. Nf5 Rd7 43. Qf2 Bf8 44. Nh4 Rh6 45. Kg2 Kg8 46. Nf5 Rg6 47. Ba4 Rh7 48. d6 Nd7 49. Bxd7 Rxd7 50. Qxc5 Rg5 51. Qc8 1-0